| 000 | 00935nam a2200181 i 4500 | ||
|---|---|---|---|
| 001 | 157536 | ||
| 003 | ES-MaACL | ||
| 005 | 20230906210725.0 | ||
| 008 | 960320s1876 sp |||| | spa d | ||
| 100 | 1 |
_aLeón y Domínguez, José María. _9128932 |
|
| 245 | 1 | 0 |
_aDe Cádiz a Roma _b: álbum histórico-descriptivo de la primera peregrinacion española al Vaticano en 1876, visitando los santuarios del Pilar, Londres, Padua, Asis y Loreto y las ciudades de Nápoles (Pompeya), Florencia... y otras principales de Italia / _cpor José María León y Domínguez. |
| 260 |
_aCádiz : _b[s.n.], _c1876 ( _fImp. de la Revista Médica de Federico Joly) |
||
| 300 |
_a440 p. ; _c18 cm. |
||
| 530 | _aDisponible en formato digital. | ||
| 650 | 4 |
_aPeregrinaciones cristianas- _zRoma (Ciudad) _9141465 |
|
| 852 |
_aES-MaACL _jC-282 _z- Enc. hol. |
||
| 856 |
_uhttp://bdh-rd.bne.es/viewer.vm?id=0000039326&page=1 _zBiblioteca Digital Hispánica |
||
| 999 |
_c157536 _d157536 |
||